<?xml version="1.0" encoding="UTF-8"?>
<record
    xmlns:xsi="http://www.w3.org/2001/XMLSchema-instance"
    xsi:schemaLocation="http://www.loc.gov/MARC21/slim http://www.loc.gov/standards/marcxml/schema/MARC21slim.xsd"
    xmlns="http://www.loc.gov/MARC21/slim">

  <leader>00657cam a22002414a 4500</leader>
  <datafield tag="999" ind1=" " ind2=" ">
    <subfield code="c">124883</subfield>
    <subfield code="d">124883</subfield>
  </datafield>
  <controlfield tag="001">13949457</controlfield>
  <controlfield tag="005">20211211095648.0</controlfield>
  <controlfield tag="008">050503s2005    stka          001 0 eng  </controlfield>
  <datafield tag="020" ind1=" " ind2=" ">
    <subfield code="a">9780702072055</subfield>
  </datafield>
  <datafield tag="040" ind1=" " ind2=" ">
    <subfield code="c">PK-LaUMT</subfield>
  </datafield>
  <datafield tag="082" ind1="0" ind2="0">
    <subfield code="a">616.07022</subfield>
    <subfield code="2">22</subfield>
    <subfield code="b">PAT-</subfield>
  </datafield>
  <datafield tag="245" ind1="1" ind2="0">
    <subfield code="a">Pathology illustrated /</subfield>
    <subfield code="c">edited by Fiona Roberts and Elaine MacDuff</subfield>
  </datafield>
  <datafield tag="250" ind1=" " ind2=" ">
    <subfield code="a">8th ed.</subfield>
  </datafield>
  <datafield tag="260" ind1=" " ind2=" ">
    <subfield code="a">Edinburgh ;</subfield>
    <subfield code="a">New York :</subfield>
    <subfield code="b">Elsevier,</subfield>
    <subfield code="c">2018</subfield>
  </datafield>
  <datafield tag="300" ind1=" " ind2=" ">
    <subfield code="a">714 p. :</subfield>
    <subfield code="b">ill. ;</subfield>
    <subfield code="c">25 cm.</subfield>
  </datafield>
  <datafield tag="500" ind1=" " ind2=" ">
    <subfield code="a">Includes index.</subfield>
  </datafield>
  <datafield tag="650" ind1=" " ind2="0">
    <subfield code="a">Pathology.</subfield>
  </datafield>
  <datafield tag="650" ind1=" " ind2="0">
    <subfield code="a">Pathology</subfield>
  </datafield>
  <datafield tag="650" ind1="1" ind2="2">
    <subfield code="a">Pathology.</subfield>
  </datafield>
  <datafield tag="700" ind1="1" ind2=" ">
    <subfield code="a">Roberts, Fiona,</subfield>
  </datafield>
  <datafield tag="700" ind1="1" ind2=" ">
    <subfield code="a">Macfarlane, Peter S.</subfield>
  </datafield>
  <datafield tag="942" ind1=" " ind2=" ">
    <subfield code="c">BK</subfield>
  </datafield>
  <datafield tag="952" ind1=" " ind2=" ">
    <subfield code="0">0</subfield>
    <subfield code="1">0</subfield>
    <subfield code="4">0</subfield>
    <subfield code="7">0</subfield>
    <subfield code="a">HSC</subfield>
    <subfield code="b">HSC</subfield>
    <subfield code="d">2021-12-11</subfield>
    <subfield code="l">6</subfield>
    <subfield code="o">616.07022 PAT-</subfield>
    <subfield code="p">139740</subfield>
    <subfield code="r">2023-03-09 00:00:00</subfield>
    <subfield code="s">2023-02-27</subfield>
    <subfield code="w">2021-12-11</subfield>
    <subfield code="y">BK</subfield>
  </datafield>
  <datafield tag="952" ind1=" " ind2=" ">
    <subfield code="0">0</subfield>
    <subfield code="1">0</subfield>
    <subfield code="4">0</subfield>
    <subfield code="7">0</subfield>
    <subfield code="a">HSC</subfield>
    <subfield code="b">HSC</subfield>
    <subfield code="d">2021-12-11</subfield>
    <subfield code="l">3</subfield>
    <subfield code="o">616.07022 PAT-</subfield>
    <subfield code="p">139741</subfield>
    <subfield code="r">2023-12-26 00:00:00</subfield>
    <subfield code="s">2023-12-04</subfield>
    <subfield code="t">C.2</subfield>
    <subfield code="w">2021-12-11</subfield>
    <subfield code="y">BK</subfield>
  </datafield>
  <datafield tag="952" ind1=" " ind2=" ">
    <subfield code="0">0</subfield>
    <subfield code="1">0</subfield>
    <subfield code="4">0</subfield>
    <subfield code="7">0</subfield>
    <subfield code="a">HSC</subfield>
    <subfield code="b">HSC</subfield>
    <subfield code="d">2021-12-11</subfield>
    <subfield code="l">3</subfield>
    <subfield code="o">616.07022 PAT-</subfield>
    <subfield code="p">139742</subfield>
    <subfield code="r">2023-02-08 00:00:00</subfield>
    <subfield code="s">2023-02-06</subfield>
    <subfield code="t">C.3</subfield>
    <subfield code="w">2021-12-11</subfield>
    <subfield code="y">BK</subfield>
  </datafield>
  <datafield tag="952" ind1=" " ind2=" ">
    <subfield code="0">0</subfield>
    <subfield code="1">0</subfield>
    <subfield code="4">0</subfield>
    <subfield code="7">0</subfield>
    <subfield code="a">HSC</subfield>
    <subfield code="b">HSC</subfield>
    <subfield code="d">2021-12-11</subfield>
    <subfield code="l">2</subfield>
    <subfield code="o">616.07022 PAT-</subfield>
    <subfield code="p">139743</subfield>
    <subfield code="r">2025-03-10 13:33:02</subfield>
    <subfield code="s">2024-03-12</subfield>
    <subfield code="t">C.4</subfield>
    <subfield code="w">2021-12-11</subfield>
    <subfield code="y">BK</subfield>
  </datafield>
  <datafield tag="952" ind1=" " ind2=" ">
    <subfield code="0">0</subfield>
    <subfield code="1">0</subfield>
    <subfield code="4">0</subfield>
    <subfield code="7">0</subfield>
    <subfield code="a">HSC</subfield>
    <subfield code="b">HSC</subfield>
    <subfield code="d">2021-12-11</subfield>
    <subfield code="l">3</subfield>
    <subfield code="o">616.07022 PAT-</subfield>
    <subfield code="p">139744</subfield>
    <subfield code="r">2023-01-19 00:00:00</subfield>
    <subfield code="s">2023-01-17</subfield>
    <subfield code="t">C.5</subfield>
    <subfield code="w">2021-12-11</subfield>
    <subfield code="y">BK</subfield>
  </datafield>
  <datafield tag="952" ind1=" " ind2=" ">
    <subfield code="0">0</subfield>
    <subfield code="1">0</subfield>
    <subfield code="4">0</subfield>
    <subfield code="7">0</subfield>
    <subfield code="a">HSC</subfield>
    <subfield code="b">HSC</subfield>
    <subfield code="d">2021-12-11</subfield>
    <subfield code="l">0</subfield>
    <subfield code="o">616.07022 PAT-</subfield>
    <subfield code="p">140101</subfield>
    <subfield code="r">2021-12-11 00:00:00</subfield>
    <subfield code="t">C.6</subfield>
    <subfield code="w">2021-12-11</subfield>
    <subfield code="y">BK</subfield>
  </datafield>
  <datafield tag="952" ind1=" " ind2=" ">
    <subfield code="0">0</subfield>
    <subfield code="1">0</subfield>
    <subfield code="4">0</subfield>
    <subfield code="7">0</subfield>
    <subfield code="a">HSC</subfield>
    <subfield code="b">HSC</subfield>
    <subfield code="d">2021-12-11</subfield>
    <subfield code="l">1</subfield>
    <subfield code="o">616.07022 PAT-</subfield>
    <subfield code="p">140102</subfield>
    <subfield code="r">2023-03-09 00:00:00</subfield>
    <subfield code="s">2023-02-27</subfield>
    <subfield code="t">C.7</subfield>
    <subfield code="w">2021-12-11</subfield>
    <subfield code="y">BK</subfield>
  </datafield>
  <datafield tag="952" ind1=" " ind2=" ">
    <subfield code="0">0</subfield>
    <subfield code="1">0</subfield>
    <subfield code="4">0</subfield>
    <subfield code="7">0</subfield>
    <subfield code="a">HSC</subfield>
    <subfield code="b">HSC</subfield>
    <subfield code="d">2021-12-11</subfield>
    <subfield code="l">18</subfield>
    <subfield code="o">616.07022 PAT-</subfield>
    <subfield code="p">140103</subfield>
    <subfield code="r">2023-12-20 00:00:00</subfield>
    <subfield code="s">2023-12-19</subfield>
    <subfield code="t">C.8</subfield>
    <subfield code="w">2021-12-11</subfield>
    <subfield code="y">BK</subfield>
  </datafield>
  <datafield tag="952" ind1=" " ind2=" ">
    <subfield code="0">0</subfield>
    <subfield code="1">0</subfield>
    <subfield code="4">0</subfield>
    <subfield code="7">0</subfield>
    <subfield code="a">HSC</subfield>
    <subfield code="b">HSC</subfield>
    <subfield code="d">2021-12-11</subfield>
    <subfield code="l">0</subfield>
    <subfield code="o">616.07022 PAT-</subfield>
    <subfield code="p">140104</subfield>
    <subfield code="r">2021-12-11 00:00:00</subfield>
    <subfield code="t">C.9</subfield>
    <subfield code="w">2021-12-11</subfield>
    <subfield code="y">BK</subfield>
  </datafield>
  <datafield tag="952" ind1=" " ind2=" ">
    <subfield code="0">0</subfield>
    <subfield code="1">0</subfield>
    <subfield code="4">0</subfield>
    <subfield code="7">0</subfield>
    <subfield code="a">HSC</subfield>
    <subfield code="b">HSC</subfield>
    <subfield code="d">2021-12-11</subfield>
    <subfield code="l">4</subfield>
    <subfield code="o">616.07022 PAT-</subfield>
    <subfield code="p">140105</subfield>
    <subfield code="r">2025-12-23 09:44:13</subfield>
    <subfield code="s">2025-12-19</subfield>
    <subfield code="t">C.10</subfield>
    <subfield code="w">2021-12-11</subfield>
    <subfield code="y">BK</subfield>
  </datafield>
</record>
